| 000 | 01253nam a22003497a 4500 | ||
|---|---|---|---|
| 003 | CHAP | ||
| 005 | 20220329133517.0 | ||
| 008 | 971013s1992 r 00010 d | ||
| 010 | _a7199 | ||
| 011 | _a8171 | ||
| 035 | _a7396 | ||
| 040 | _cCHAP | ||
| 082 |
_a634.9025 _bD5 |
||
| 245 | _aDirectorio de unidades de información forestal de América Latina y el Caribe | ||
| 260 |
_aTurrialba, Costa Rica : _bEl Centro, _c1992 |
||
| 300 |
_a121 p. _e+ Anexo |
||
| 490 |
_aSerie Bibliotecología y documentación/CATIE _v; 20 |
||
| 500 | _a64-166 | ||
| 590 |
_aBATCH-UPD _b10 _c20130109 _lUCH01 _h2312 |
||
| 590 |
_aBATCH-UPD _b10 _c20130110 _lUCH01 _h2154 |
||
| 590 |
_aBATCH-UPD _b10 _c20130409 _lUCH01 _h1831 |
||
| 590 |
_aBATCH-UPD _b10 _c20130410 _lUCH01 _h1503 |
||
| 590 |
_aBATCH-UPD _b10 _c20130914 _lUCH01 _h0707 |
||
| 590 |
_aCONVERSION _b10 _c20130109 _lUCH01 _h1305 |
||
| 650 | 1 | 4 |
_aBosques _xDirectorios. _914124 |
| 650 | 1 | 4 |
_aBosques _xDirectorios _xAmérica Latina. _914125 |
| 710 | 0 |
_aCentro Agronómico Tropical de Investigación y Enseñanza. Turrialba, C.R. _921046 |
|
| 830 | 0 |
_aSerie Bibliotecología y documentación/CATIE _v; 20 _9104631 |
|
| 901 | _aBK | ||
| 942 | _cLIBRO | ||
| 949 |
_a634.9025 D5 _bBC _cC _d33724000648630 _eC _h83363 _i7396 _si |
||
| 999 |
_c7199 _d7199 |
||